000 00703nam a2200181 a 4500
008 191203s2016 ||||||||||||||||| || u
020 _a9780702062254
050 _aRC 76.5 Tix
100 _aTixa, Serge
245 1 0 _aAtlas of surface palpation : anatomy of the neck, trunk, upper and lower limbs (third edition)
_cBy Serge Tixa
250 _a3rd edition
260 _aEdinburgh
_bElsevier
_c2016
300 _axi, 541 pages : illustrations
350 _a65.49
650 _aPALPATION
650 0 _aHUMAN ANATOMY
995 _aMEDICAL LIBRARY OPEN ACCESS
_e904634
_FCBU-SCHOOL OF MEDICINE LIBRARY (Ndola)
_I65.49
_jRC 76.5 Tix
_M1
_UAVAILABLE
_WDec 9, 2019
_y904634
_ZMedical Library Open Access Collection
999 _c30804
_d30804